| 000 | 01024nam a22003017a 4500 | ||
|---|---|---|---|
| 001 | 1610 | ||
| 005 | 20230911125820.0 | ||
| 020 | _a9781888444315 | ||
| 040 |
_aDLC _cDLC _dDLC _beng |
||
| 050 | 0 | 0 |
_aPZ7.O624 _bCo 1998 |
| 082 | 0 | 0 |
_a398.2 _221 |
| 100 | 1 | _aOram, Hiawyn. | |
| 245 | 1 | 0 |
_aCounting Leopard's spots and other animal stories / _cretold by Hiawyn Oram ; illustrated by Tim Warnes. |
| 250 | _a1st American ed. | ||
| 260 |
_aWaukesha : _bLittle Tiger Press, _c1998. |
||
| 300 |
_a96 pages : _bcolor illustrations, _c28 cm. |
||
| 500 | _a"Originally published in Great Britain, 1996, by Orchard Books, London"--page facing t.p. | ||
| 505 | _aK | ||
| 520 | _aA collection of folktales from Africa, introducing a wide variety of animals. | ||
| 521 |
_a610
_bLexile |
||
| 521 |
_aK
_bRaz-Plus |
||
| 650 | 0 |
_aTales _zAfrica. |
|
| 650 | 1 |
_aFolklore _zAfrica. |
|
| 650 | 1 |
_aAnimals _xFolklore. |
|
| 700 | 1 |
_aWarnes, Tim _eillustrator |
|
| 906 |
_a7 _bcbc _corignew _d1 _eocip _f19 _gy-gencatlg |
||
| 942 |
_2ddc _cBK _n0 |
||
| 999 |
_c1610 _d1610 |
||